| 000 | 00000cam 2200000zi 4500 |
| 001 | 9.962827 |
| 003 | CaOODSP |
| 005 | 20260515101425 |
| 006 | m o d f |
| 007 | cr mn||||||||| |
| 008 | 260515s1984 oncd ob f000 0 eng d |
| 040 | |aCaOODSP|beng|erda|cCaOODSP |
| 043 | |an-cn--- |
| 086 | 1 |aJS4-1/1984-87E-PDF |
| 100 | 1 |aWong, S. |q(Stephen), |d1945- |eauthor. |
| 245 | 14|aThe criminal and institutional behaviours of psychopaths / |cS. Wong. |
| 264 | 1|a[Ottawa] : |bMinistry of the Solicitor General of Canada, Secretariat, Programs Branch, |c1984. |
| 300 | |a1 online resource (iv, 63 pages) : |bgraphs. |
| 336 | |atext|btxt|2rdacontent |
| 337 | |acomputer|bc|2rdamedia |
| 338 | |aonline resource|bcr|2rdacarrier |
| 490 | 1 |aPrograms Branch user report ; |vno. 1984-87 |
| 500 | |aDigitized edition from print [produced by Public Safety Canada]. |
| 500 | |aIssued also in French under title: Le comportement criminel et institutionnel des psyhopathes. |
| 500 | |a"This working paper was prepared under contract for the Research Division and is made available as submitted to the Ministry. The views expressed are those of the author and are not necessarily those of the Ministry of the Solicitor General of Canada." |
| 504 | |aIncludes bibliographical references (pages 60-63). |
| 520 | |a"The purpose of the study is to systematically investigate the relationship between the degree of psychopathy of a sample of randomly selected federal inmates and their criminal and institutional behaviors"--Introduction, page 1. |
| 650 | 0|aPsychopaths|zCanada. |
| 650 | 0|aCriminal psychology|zCanada. |
| 650 | 0|aInmates of institutions|zCanada|xAttitudes. |
| 710 | 1 |aCanada. |bSolicitor General Canada. |bPrograms Branch, |eissuing body. |
| 775 | 08|tLe comportement criminel et institutionnel des psychopthes / |w(CaOODSP)9.962831 |
| 830 | #0|aUser report (Canada. Solicitor General Canada)|vno. 1984-87.|w(CaOODSP)9.808480 |
| 856 | 40|qPDF|s719 KB|uhttps://publications.gc.ca/collections/collection_2026/sp-ps/js4-1/JS4-1-1984-87-eng.pdf |